| 000 | 00754nam a22002417a 4500 | ||
|---|---|---|---|
| 001 | BR7404148 | ||
| 003 | BR-BrBNA | ||
| 005 | 20230928084604.0 | ||
| 007 | ta | ||
| 008 | 230509b bl.||||| |||| 00| 0 por d | ||
| 040 |
_aBR-BrBNA _bpor _cBiblioteca Nacional de Agricultura |
||
| 041 | _a(Por) | ||
| 072 |
_aF00 _b0430 _b/G514 |
||
| 090 | _ 0430 BR7404148 | ||
| 110 | 1 |
_aInstituto Nordestino para o Fomento de Algodao e Oleaginosas, Recife, PE (Brasil) _96547 |
|
| 245 | 1 | _aAtividades do 1 trimestre 1973 [Instituto Nordestino para o Fomento de Algodao e Oleagonosas, Brasil] | |
| 260 | 3 |
_aRecife, PE (Brasil): _c1973. |
|
| 300 | _a7 p. | ||
| 650 | _aALGODAO | ||
| 650 | _aPLANTA OLEAGINOSA | ||
| 909 |
_a202309 _bLucia _c55 _dLucia Elande |
||
| 942 | _cBK | ||
| 999 |
_c19937 _d19937 |
||